000 00588nam a22002417a 4500
003 UA-OsUOA
001 28842
007 ta
008 20050511b un ||||| |||| 00| 0 ukr d
090 _a(038)340
_bС75
942 _cBK
040 _aUA-OsUOA
_brus
_cUA-OsUOA
_dUA-OsUOA
245 _aСловарь юридических терминов
_cСост. А. Б.Таранин
300 _a424 с.
955 _a0
041 _arus
080 _a(038)340
020 _a5-93196-362-6
260 _aМ.
_bНЦ ЭНАС
_c2003
044 _aRU
650 7 _2UDC
999 _c315215
_d315215